[Event "Sautron op 18th"]
[Site "Sautron "]
[Date "2018.10.20"]
[Round "1.17"]
[White "Delorme, Alban"]
[Black "Bauduret, Frederic"]
[Result "1-0"]
[WhiteElo "2320"]
[BlackElo "1493"]
[PlyCount "77"]
[EventDate "2018.10.20"]
[EventType "swiss"]
[EventRounds "9"]
[EventCountry "FRA"]
[SourceTitle "EXT 2021"]
[Source "ChessBase"]
[SourceDate "2020.10.23"]
[SourceVersion "1"]
[SourceVersionDate "2020.10.23"]
[SourceQuality "1"]

1. e4 e5 2. d4 exd4 3. Qxd4 Nc6 4. Qe3 Bb4+ 5. Nc3 d6 6. Bd2 Nf6 7. 0-0-0 0-0 8. Bc4 Re8 9. f3 Be6 10. Bxe6 Rxe6 11. Nge2 d5 12. Qf2 dxe4 13. Bg5 Qe7 14. Nd5 Qc5 15. Qxc5 Bxc5 16. Nxc7 Rae8 17. Nxe6 Rxe6 18. Bxf6 exf3 19. gxf3 Rxf6 20. Rhf1 h6 21. Nc3 Ne5 22. Ne4 Be3+ 23. Kb1 Rxf3 24. Rxf3 Nxf3 25. Rd3 Bf4 26. Rxf3 Bxh2 27. c4 Be5 28. c5 g5 29. Rf5 Bf4 30. b4 Kg7 31. b5 Kg6 32. Rf6+ Kg7 33. c6 bxc6 34. bxc6 Bc7 35. Rf1 g4 36. Nf6 Kg6 37. Nxg4 Kg5 38. Nxh6 Kxh6 39. Rxf7 1-0